Normal view
MARC view
- Mascetta, Joseph A
Entry Personal Name
001 - CONTROL NUMBER
- control field: 99904
003 - CONTROL NUMBER IDENTIFIER
- control field: NUST
005 - DATE AND TIME OF LATEST TRANSACTION
- control field: 20221011135754.0
008 - FIXED-LENGTH DATA ELEMENTS
- fixed length control field: 221011|| aca||aabn | a|a d
040 ## - CATALOGING SOURCE
- Original cataloging agency: NUST
- Transcribing agency: NUST
100 ## - HEADING--PERSONAL NAME
- Personal name: Mascetta, Joseph A
670 ## - SOURCE DATA FOUND
- Source citation: Work cat.: (NUST): Mascetta, Joseph A., Barron's SAT Subject Test :, 2012
